000 00999aam a2200277 i 4500
001 968836
003 EG-ScBUE
005 20260120095637.0
008 850308s1985 nyua b 001 0 eng
020 _a0471829021
040 _aDLC
_beng
_erda
_cDLC
_dDLC
_dEG-ScBUE
082 0 4 _a551.0723
_222
_bCOM
100 1 _aCompton, Robert R.,
_eauthor.
_96553
245 1 0 _aGeology in the field /
_cRobert R. Compton, Stanford University.
264 1 _aNew York :
_bJohn Wiley & Sons,
_c1985.
300 _axi, 398 pages :
_billustrations ;
_c22 cm
336 _2rdacontent
_atext
_btxt
337 _aunmediated
_2rdamedia
_bn
338 _avolume
_bnc
_2rdacarrier
504 _aIncludes bibliographical references and index.
650 7 _aGeology
_xFieldwork.
_2BUEsh
_96554
655 _vReading book
856 4 2 _3Publisher description
_uhttp://www.loc.gov/catdir/description/wiley032/85002325.html
856 4 _3Table of Contents
_uhttp://www.loc.gov/catdir/toc/onix03/85002325.html
942 _2ddc
_cBB
999 _c11925
_d11925